The Machine at the bedside : (Record no. 3772)

000 -LEADER
fixed length control field 00937cam a2200253 a 4500
003 - CONTROL NUMBER IDENTIFIER
control field ALUPE UNIVERSITY COLLEGE
005 - DATE AND TIME OF LATEST TRANSACTION
control field 20220209132752.0
008 - FIXED-LENGTH DATA ELEMENTS--GENERAL INFORMATION
fixed length control field 840308s1984 enka b 001 0 eng
020 ## - INTERNATIONAL STANDARD BOOK NUMBER
International Standard Book Number 0521267188
020 ## - INTERNATIONAL STANDARD BOOK NUMBER
International Standard Book Number 0521318327 (pbk.)
040 ## - CATALOGING SOURCE
Transcribing agency ALUPE UNIVERSITY COLLEGE
043 ## - GEOGRAPHIC AREA CODE
Geographic area code n-us---
050 00 - LIBRARY OF CONGRESS CALL NUMBER
Classification number R856
Item number .M284 1984
245 04 - TITLE STATEMENT
Title The Machine at the bedside :
Remainder of title strategies for using technology in patient care /
Statement of responsibility, etc. edited by Stanley Joel Reiser, Michael Anbar.
260 ## - PUBLICATION, DISTRIBUTION, ETC.
Place of publication, distribution, etc. Cambridge [Cambridgeshire] ;
-- New York :
Name of publisher, distributor, etc. Cambridge University Press,
Date of publication, distribution, etc. 1984.
300 ## - PHYSICAL DESCRIPTION
Extent xviii, 363 p. :
Other physical details ill. ;
Dimensions 24 cm.
504 ## - BIBLIOGRAPHY, ETC. NOTE
Bibliography, etc. note Includes bibliographies and index.
650 #0 - SUBJECT ADDED ENTRY--TOPICAL TERM
Topical term or geographic name entry element Medical technology
Geographic subdivision United States
General subdivision Evaluation.
650 #0 - SUBJECT ADDED ENTRY--TOPICAL TERM
Topical term or geographic name entry element Medical care
Geographic subdivision United States
General subdivision Evaluation.
700 1# - ADDED ENTRY--PERSONAL NAME
Personal name Reiser, Stanley Joel.
700 1# - ADDED ENTRY--PERSONAL NAME
Personal name Anbar, Michael.
906 ## - LOCAL DATA ELEMENT F, LDF (RLIN)
a 7
b cbc
c orignew
d 1
e ocip
f 19
g y-gencatlg
942 ## - ADDED ENTRY ELEMENTS (KOHA)
Source of classification or shelving scheme
Koha item type Book
Holdings
Withdrawn status Lost status Source of classification or shelving scheme Damaged status Not for loan Permanent Location Current Location Shelving location Date acquired Source of acquisition Total Checkouts Full call number Barcode Date last seen Price effective from Koha item type Public note
          AU LIBRARY AU LIBRARY Open Shelf 09.02.2022 DONATION FROM MOI UNIVERSITY   R856 .M284 1984 28005391 09.02.2022 09.02.2022 Book WO

Powered by Koha